000 00457nam a2200157 4500
001 137567
003 ES-MaACL
005 20230906195410.0
007 t|
008 070214s1952 sp r ||||1| spa d
100 1 _aSánchez-Cordovés, Joaquín.
_9102553
245 1 0 _aReceptores de televisión /
_cJoaquín Sánchez-Cordovés.
260 _aBarcelona :
_bLabor,
_c1952.
300 _aXI, 266 p. :
_bil. ;
_c23 cm.
852 _aES-MaACL
_jD-9294
_bR.33313
999 _c137567
_d137567